| 000 | 00732cam a2200229 a 4500 | ||
|---|---|---|---|
| 001 | 000007620 | ||
| 005 | 20250429112051.0 | ||
| 008 | 070531s1955 maua 000 0 eng | ||
| 040 |
_aDO-SdBNP _bspa _cBNPHU |
||
| 082 |
_a909 _bH333b, 1955 |
||
| 100 | 1 |
_aHartman, Gertrude, _d1876-1955 _921145 |
|
| 245 | 1 | 0 |
_aBuilders of the Old World / _cGertrude Hartman ; prólogo Allan Nevis. |
| 250 | _a2a ed. | ||
| 260 |
_aBoston : _bHeath and Company, _c1955. |
||
| 300 |
_axii, 468 p. : _bil. ; _c23 cm. |
||
| 490 | 1 | _aHistory on the March | |
| 650 | 0 |
_aHistoria universal _9933 |
|
| 650 | 0 |
_aHistoria antigua _918158 |
|
| 650 | 4 |
_aHistoria medieval _9935 |
|
| 700 | 1 |
_aNevis, Allan, _epról. _921146 |
|
| 830 | 0 |
_aHistory on the March _921147 |
|
| 999 |
_c7400 _d7400 |
||